000 00690nam a2200241 i 4500
001 13365
003 ES-MaACL
005 20230906150545.0
007 t|
008 960919s1996 sp ||||0| spa j
020 _a84-313-1421-4
040 _aM-BN
_bspa
_cM-BN
080 _a316.77
100 1 _aGarcía-Noblejas, Juan José.
_955035
245 1 0 _aComunicación y mundos posibles /
_cJuan José García-Noblejas.
260 _aPamplona :
_bEUNSA,
_cD.L. 1996.
300 _a274 p. ;
_c22 cm.
490 1 _aNT comunicación
650 1 4 _aComunicación social.
_911203
830 0 _aNT comunicación
_9179469
852 _aES-MaACL
_jL-20723
_bR.126362
999 _c13365
_d13365